| 000 | 00455nam a2200133 a 4500 | ||
|---|---|---|---|
| 008 | 120416s1994 ||||||||||||||||| || u | ||
| 050 | _aDT 450.2 Afr | ||
| 245 | 1 | 0 | _aRwanda |
| 246 | _adeath, despair and defiance | ||
| 260 |
_aLondon _bAfrican Rights _c1994 |
||
| 300 | _a742p. | ||
| 350 | _a0.00 | ||
| 995 |
_D0.00 _FCBU-MAIN LIBRARY (Kitwe) _H1 _I8.95 _M1 _UAVAILABLE _ZMain Library Open Access Collection |
||
| 999 |
_c56875 _d56875 |
||